The bait and other stories /
Saved in:
| Main Author: | |
|---|---|
| Other Authors: | |
| Format: | Book |
| Language: | English Italian |
| Published: |
London :
Secker & Warburg,
1962.
|
| LEADER | 00917nam a2200253 a 4500 | ||
|---|---|---|---|
| 001 | c000082807 | ||
| 003 | CARM | ||
| 005 | 00000000000000.0 | ||
| 008 | 910528s1962 enk 00011 eng d | ||
| 019 | 1 | |a 8021610 |5 LACONCORD2021 | |
| 035 | |a (OCoLC)7961460 |5 LACONCORD2021 | ||
| 040 | |a VLINC |c VLINC | ||
| 041 | 1 | |a eng |h ita | |
| 100 | 1 | |a Rosso, Renzo, |d 1926- | |
| 240 | 1 | 0 | |a Adescamento. |l English |
| 245 | 1 | 4 | |a The bait and other stories / |c Renzo Rosso ; translated by Archibald Colquhoun. |
| 260 | |a London : |b Secker & Warburg, |c 1962. | ||
| 300 | |a 174 p. ; |c 19 cm. | ||
| 500 | |a Translation of: L'Adescamento. 1960. | ||
| 700 | 1 | |a Colquhoun, Archibald. | |
| 852 | 8 | |b CARM |h A2:AD18H0 |i A00739 |p 0100813 |f BK | |
| 082 | 0 | 4 | |a 853.914 |2 20 |
| 999 | f | f | |i f83e4884-a93d-56f1-b37f-f09662d5d514 |s f0c2d56b-5018-5350-895e-41de78777878 |
| 952 | f | f | |p Can circulate |a CAVAL |b CAVAL |c CAVAL |d CARM 1 Store |e A00739 |f A2:AD18H0 |h Other scheme |i book |m 0100813 |